Architecture for rapid change and scarce resources (Record no. 84350)
[ view plain ]
| 000 -LEADER | |
|---|---|
| fixed length control field | 00816nam a2200181 a 4500 |
| 008 - FIXED-LENGTH DATA ELEMENTS--GENERAL INFORMATION | |
| fixed length control field | 130911s2012 ||||||||||||||||| || u |
| 020 ## - INTERNATIONAL STANDARD BOOK NUMBER | |
| International Standard Book Number | 9781849711166 |
| 050 ## - LIBRARY OF CONGRESS CALL NUMBER | |
| Classification number | NA 2543 SIN |
| 100 ## - MAIN ENTRY--PERSONAL NAME | |
| Personal name | Sinha, Sumita |
| 245 10 - TITLE STATEMENT | |
| Title | Architecture for rapid change and scarce resources |
| Statement of responsibility, etc. | by Sumita Sinha |
| 260 ## - PUBLICATION, DISTRIBUTION, ETC. | |
| Place of publication, distribution, etc. | London: |
| Name of publisher, distributor, etc. | Routledge |
| Date of publication, distribution, etc. | 2012 |
| 300 ## - PHYSICAL DESCRIPTION | |
| Extent | xx, 300p. :ill. |
| 650 ## - SUBJECT ADDED ENTRY--TOPICAL TERM | |
| Topical term or geographic name entry element | ARCHITECTURE--ECONOMIC ASPECTS |
| 650 ## - SUBJECT ADDED ENTRY--TOPICAL TERM | |
| Topical term or geographic name entry element | ARCHITECTURAL PRACTICE--SOCIAL ASPECTS |
| 650 ## - SUBJECT ADDED ENTRY--TOPICAL TERM | |
| Topical term or geographic name entry element | ARCHITECTURE AND SOCIETY |
| 995 ## - | |
| -- | MAIN LIBRARY OPEN ACCESS |
| -- | 744481 |
| -- | CBU-MAIN LIBRARY (Kitwe) |
| -- | NA 2543 SIN |
| -- | 2 |
| -- | AVAILABLE |
| -- | Oct 4, 2013 |
| -- | 744481 |
| -- | Main Library Open Access Collection |
| 995 ## - | |
| -- | MAIN LIBRARY OPEN ACCESS |
| -- | 744480 |
| -- | CBU-MAIN LIBRARY (Kitwe) |
| -- | NA 2543 SIN |
| -- | 1 |
| -- | AVAILABLE |
| -- | Oct 4, 2013 |
| -- | 744480 |
| -- | Main Library Open Access Collection |
| 999 ## - | |
| -- | 84350 |
| -- | 84350 |
| Withdrawn status | Lost status | Source of classification or shelving scheme | Damaged status | Not for loan | Permanent Location | Current Location | Shelving location | Date acquired | Total Checkouts | Full call number | Barcode | Date last seen | Copy number | Price effective from | Koha item type |
|---|---|---|---|---|---|---|---|---|---|---|---|---|---|---|---|
| CBU-MAIN LIBRARY, KITWE. | CBU-MAIN LIBRARY, KITWE. | 01/25/2024 | NA 2543 SIN | 744481 | 01/25/2024 | 1 | 01/25/2024 | MONOGRAPH | |||||||
| CBU-MAIN LIBRARY, KITWE. | CBU-MAIN LIBRARY, KITWE. | 01/25/2024 | NA 2543 SIN | 744480 | 01/25/2024 | 2 | 01/25/2024 | MONOGRAPH |